Mechanics of solids /

Guardado en:
Autor Principal: Pilkey, Walter D.
Otros Autores: Pilkey, Orrin H., 1905-
Formato: Libro
Idioma:English
Publicado: Malabar, Fla. : R. E. Krieger, 1986, c1974.
Materias:
Etiquetas: Agregar Etiqueta
Sin Etiquetas, Sea el primero en etiquetar este registro!
LEADER 00781pam a2200229 a 4500
001 MAT.inmabb004916
008 851205r19861974flua#####b####001#0#eng##
005 20160803121059.0
245 1 0 |a Mechanics of solids /  |c Walter D. Pilkey, Orrin H. Pilkey. 
260 |a Malabar, Fla. :  |b R. E. Krieger,  |c 1986, c1974. 
300 |a 441 p. :  |b il. ;  |c 26 cm. 
500 |a Reimpresión. Originalmente publicado: New York : Quantum Publishers, c1974. (QPI series) With corrections. 
504 |a Bibliografía: p. 413. 
020 |a 0898749174 
100 1 |a Pilkey, Walter D. 
700 1 |a Pilkey, Orrin H.,  |d 1905- 
650 0 |a Strength of materials. 
650 0 |a Solids. 
084 |a 74-01  |2 msc2000 
010 |a  85046011  
040 |a DLC  |c DLC  |d DLC 
859 |h 74  |i P639  |p A-7125  |b BIB. MATEMATICA